00742nam a22001817a 4500003000900000008004100009020002200050040007100072082002000143100003000163245003800193260003400231300002400265505019900289650002400488650002500512650002300537AR-CdUCM190325b ||||| |||| 00| 0 spa d a978-9972-9043-9-4 aMUNICIPALIDAD PROVINCIAL DEL CUSCOcBIBLIOTECA MUNICIPAL DEL CUSCO a869.568 /bSA19 aSánchez, Luis Alberto,  aValdelomar, su tiempo y su obra / aPerú :bLitho & Artec2016. a122 paginasc20 cm. aContenido : Valdelomar, su tiempo y su obra "conferencia inedita" -- Comentarios sobre "el caballero carmelo y su autor Abraham Valdelomar -- Valdelomar ¿mal estudiante? y un poema inedito... aAbraham Valdelomar  aEl caballero carmelo aLiteratura peruana